[Event "Santiago Endesa Interempresas tt-A"]
[Site "Santiago de Chile"]
[Date "2008.08.19"]
[Round "5"]
[White "Egger Mancilla, Jorge Alejandro"]
[Black "Velasquez Ojeda, Cesar"]
[Result "1-0"]
[WhiteElo "2431"]
[BlackElo "2282"]
[PlyCount "81"]
[EventDate "2008.07.22"]
[EventType "team"]
[EventRounds "11"]
[EventCountry "CHI"]
[SourceTitle "EXT 2012"]
[Source "ChessBase"]
[SourceDate "2011.11.24"]
[SourceVersion "1"]
[SourceVersionDate "2011.11.24"]
[SourceQuality "1"]

1. e4 c5 2. Nf3 d6 3. d4 cxd4 4. Nxd4 Nf6 5. Nc3 a6 6. Bg5 e6 7. f4 Qb6 8. Qd2 Nc6 9. 0-0-0 Nxd4 10. Qxd4 Qxd4 11. Rxd4 Bd7 12. e5 h6 13. Bxf6 gxf6 14. exd6 f5 15. Be2 Bc6 16. Bh5 Rg8 17. Re1 Rxg2 18. Rxe6+ Kd7 19. Rf6 Rxh2 20. Rxf5 Re8 21. Rxf7+ Ke6 22. d7 Rd8 23. f5+ Ke5 24. Rxf8 Rxf8 25. Be8 Rh1+ 26. Kd2 Rh2+ 27. Kd3 Rh3+ 28. Kc4 Rxc3+ 29. Kxc3 Rxe8 30. dxe8Q+ Bxe8 31. Rd8 Bf7 32. Rf8 Kf6 33. Kd4 h5 34. Ke4 h4 35. Kf4 h3 36. Rh8 Bxa2 37. Rxh3 Bb1 38. Rc3 a5 39. Rc7 b5 40. Rc6+ Kf7 41. c3 1-0

[Event "CHI-chT"]
[Site "Santiago de Chile"]
[Date "2007.10.30"]
[Round "3"]
[White "Caceres Vasquez, Sergio"]
[Black "Egger Mancilla, Jorge Alejandro"]
[Result "0-1"]
[WhiteElo "2159"]
[BlackElo "2431"]
[PlyCount "74"]
[EventDate "2007.10.16"]
[EventType "team-tourn"]
[EventRounds "9"]
[EventCountry "CHI"]
[SourceTitle "EXT 2012"]
[Source "ChessBase"]
[SourceDate "2011.11.24"]
[SourceVersion "1"]
[SourceVersionDate "2011.11.24"]
[SourceQuality "1"]

1. d4 Nf6 2. c4 g6 3. Nc3 Bg7 4. e4 d6 5. f4 0-0 6. Nf3 c5 7. d5 e6 8. Be2 exd5 9. cxd5 Bg4 10. 0-0 Nbd7 11. Re1 Re8 12. h3 Bxf3 13. Bxf3 Rc8 14. Be3 Qa5 15. Qc2 b5 16. a3 a6 17. Bf2 Qc7 18. Rad1 c4 19. Bd4 Nc5 20. e5 Nfd7 21. e6 Bxd4+ 22. Rxd4 Nd3 23. exf7+ Kxf7 24. Rxe8 Rxe8 25. Re4 Nf6 26. Rxe8 Kxe8 27. Qe2+ Qe7 28. Ne4 Nxe4 29. Bxe4 Nxf4 30. Qc2 Qe5 31. Bf3 Nxd5 32. Qd1 Ne7 33. Qd2 d5 34. a4 d4 35. axb5 axb5 36. Qa5 d3 37. Qa8+ Kf7 0-1

[Event "Santiago Endesa Interempresas op"]
[Site "Santiago de Chile"]
[Date "2007.??.??"]
[Round "7"]
[White "Egger Mancilla, Jorge Alejandro"]
[Black "Caceres Vasquez, Sergio"]
[Result "1/2-1/2"]
[WhiteElo "2431"]
[BlackElo "2179"]
[PlyCount "92"]
[EventDate "2007.??.??"]
[EventType "swiss"]
[EventRounds "9"]
[EventCountry "CHI"]
[SourceTitle "EXT 2008"]
[Source "ChessBase"]
[SourceDate "2007.11.25"]
[SourceVersion "1"]
[SourceVersionDate "2007.11.25"]
[SourceQuality "1"]

1. e4 c5 2. Nf3 e6 3. c4 Nc6 4. Nc3 Nf6 5. Be2 d5 6. exd5 exd5 7. d4 cxd4 8. Nxd4 dxc4 9. Nxc6 Qxd1+ 10. Kxd1 bxc6 11. Bxc4 Bg4+ 12. f3 0-0-0+ 13. Kc2 Bf5+ 14. Kb3 Rd7 15. a3 Kb7 16. Bg5 Nd5 17. Rad1 Be6 18. Rhe1 h6 19. Bh4 Bc5 20. Ne4 Bb6 21. Re2 Ka8 22. Red2 Rb8 23. Bg3 Bc7+ 24. Ka2 Bxg3 25. hxg3 Nc3+ 26. Nxc3 Bxc4+ 27. Kb1 Rxd2 28. Rxd2 Re8 29. Kc2 Re1 30. g4 Kb8 31. Rd8+ Kc7 32. Ra8 Kb7 33. Rg8 g6 34. Ne4 Kc7 35. b4 Re2+ 36. Kc3 Bd5 37. Nc5 Rxg2 38. Ra8 Rg3 39. Rxa7+ Kb8 40. Rb7+ Kc8 41. Kd4 Rxf3 42. Ke5 Re3+ 43. Kd6 Re6+ 44. Nxe6 Kxb7 45. Nc5+ Kb6 46. a4 Be6 1/2-1/2

[Event "Santiago Endesa Interempresas op"]
[Site "Santiago de Chile"]
[Date "2007.??.??"]
[Round "8"]
[White "Egger Mancilla, Jorge Alejandro"]
[Black "Gonzalez Vasquez, Jorge Roberto"]
[Result "0-1"]
[WhiteElo "2431"]
[BlackElo "2148"]
[PlyCount "82"]
[EventDate "2007.??.??"]
[EventType "swiss"]
[EventRounds "9"]
[EventCountry "CHI"]
[SourceTitle "EXT 2008"]
[Source "ChessBase"]
[SourceDate "2007.11.25"]
[SourceVersion "1"]
[SourceVersionDate "2007.11.25"]
[SourceQuality "1"]

1. e4 c5 2. Nf3 d6 3. d4 cxd4 4. Nxd4 Nf6 5. Nc3 a6 6. Bc4 e6 7. 0-0 b5 8. Bb3 Nbd7 9. Bg5 Bb7 10. Re1 Nc5 11. Bd5 Qc7 12. Bxf6 gxf6 13. Bxb7 Qxb7 14. Nd5 0-0-0 15. Nxf6 Be7 16. Qf3 Bxf6 17. Qxf6 Nxe4 18. Qf4 Nc5 19. Nb3 Rhg8 20. g3 Na4 21. c4 b4 22. Qd2 Nc5 23. Qe3 Nd7 24. Rec1 Kb8 25. a3 Rc8 26. axb4 Ne5 27. Nd2 Rc6 28. b5 axb5 29. cxb5 Rxc1+ 30. Rxc1 Rc8 31. Rxc8+ Kxc8 32. f4 Ng4 33. Qc3+ Kd7 34. Qd4 Qxb5 35. h3 Nh6 36. Ne4 Nf5 37. Qa7+ Kc6 38. Qxf7 Qb6+ 39. Kh2 Qxb2+ 40. Kg1 Qb1+ 41. Kh2 Qxe4 0-1

[Event "Santiago Endesa Interempresas op"]
[Site "Santiago de Chile"]
[Date "2007.??.??"]
[Round "6"]
[White "Torres Bravo, Cristobal Renato"]
[Black "Egger Mancilla, Jorge Alejandro"]
[Result "0-1"]
[WhiteElo "2178"]
[BlackElo "2431"]
[PlyCount "38"]
[EventDate "2007.??.??"]
[EventType "swiss"]
[EventRounds "9"]
[EventCountry "CHI"]
[SourceTitle "EXT 2008"]
[Source "ChessBase"]
[SourceDate "2007.11.25"]
[SourceVersion "1"]
[SourceVersionDate "2007.11.25"]
[SourceQuality "1"]

1. Nf3 Nf6 2. g3 g6 3. Bg2 Bg7 4. 0-0 0-0 5. d4 d6 6. c4 Nbd7 7. b3 e5 8. Nc3 Re8 9. e3 c6 10. Nd2 d5 11. cxd5 cxd5 12. Nb5 Qb6 13. dxe5 Nxe5 14. Nd4 Bg4 15. f3 Bd7 16. a4 Nc6 17. Nb1 Nxd4 18. exd4 Ng4 19. a5 Qxd4+ 0-1

[Event "Condom op 5th"]
[Site "Condom"]
[Date "2006.07.08"]
[Round "1"]
[White "Campana, Marc Antoine"]
[Black "Egger Mancilla, Jorge Alejandro"]
[Result "1-0"]
[WhiteElo "1775"]
[BlackElo "2420"]
[PlyCount "55"]
[EventDate "2006.07.08"]
[EventType "swiss"]
[EventRounds "9"]
[EventCountry "FRA"]
[SourceTitle "CBM 113 Extra"]
[Source "ChessBase"]
[SourceDate "2006.09.14"]
[SourceVersion "1"]
[SourceVersionDate "2006.09.14"]
[SourceQuality "1"]

1. e4 e5 2. Bc4 Nf6 3. d3 Bc5 4. Nf3 d6 5. 0-0 0-0 6. Bb3 Nc6 7. c3 a6 8. Bc2 b5 9. d4 exd4 10. cxd4 Nxd4 11. Nxd4 Ba7 12. Nc6 Qe8 13. Nxa7 Rxa7 14. Re1 c5 15. Qxd6 Ng4 16. Bf4 Rd7 17. Qxc5 Qe6 18. h3 Nf6 19. Bb3 Nd5 20. Bxd5 Rxd5 21. Qxd5 Qf6 22. Qe5 Qc6 23. Nc3 Be6 24. Nd5 Re8 25. Rac1 Bxh3 26. Ne7+ Kf8 27. gxh3 Rxe7 28. Rxc6 1-0